Dynamics of pavement structures / (Record no. 547631)

000 -LEADER
fixed length control field 00604cam a2200181 a 4500
020 ## - INTERNATIONAL STANDARD BOOK NUMBER
International Standard Book Number 0419181008
082 00 - DEWEY DECIMAL CLASSIFICATION NUMBER
Classification number 625.8
Author Mark MAR
-- L-37, P-151
100 1# - MAIN ENTRY--PERSONAL NAME
Personal name Martinček, Gustáv.
9 (RLIN) 43775
245 10 - TITLE STATEMENT
Title Dynamics of pavement structures /
Statement of responsibility, etc. G. Martinček.
260 ## - PUBLICATION, DISTRIBUTION, ETC.
Place of publication, distribution, etc. London :
Name of publisher, distributor, etc. Spon,
Date of publication, distribution, etc. 1994.
300 ## - PHYSICAL DESCRIPTION
Extent xxi, 414 p. :
Other physical details ill. ;
Dimensions 25 cm.
526 ## - STUDY PROGRAM INFORMATION NOTE
Program name 0
Interest level 0
Reading level 0
Title point value 625_800000000000000_MAR
650 #0 - SUBJECT ADDED ENTRY--TOPICAL TERM
Topical term or geographic name entry element MCE
9 (RLIN) 379
650 #0 - SUBJECT ADDED ENTRY--TOPICAL TERM
Topical term or geographic name entry element Pavements
General subdivision Live loads
-- Testing.
9 (RLIN) 43776
650 #0 - SUBJECT ADDED ENTRY--TOPICAL TERM
Topical term or geographic name entry element Pavements
General subdivision Subgrades
-- Testing.
9 (RLIN) 23193
856 42 - ELECTRONIC LOCATION AND ACCESS
Uniform Resource Identifier <a href="http://www.loc.gov/catdir/enhancements/fy0651/97123319-d.html">http://www.loc.gov/catdir/enhancements/fy0651/97123319-d.html</a>
942 ## - ADDED ENTRY ELEMENTS (KOHA)
Source of classification or shelving scheme
Koha item type Book
Holdings
Withdrawn status Lost status Source of classification or shelving scheme Damaged status Not for loan Permanent Location Current Location Date acquired Total Checkouts Full call number Barcode Date last seen Price effective from Koha item type
          Military College of Engineering (MCE) Military College of Engineering (MCE) 07/24/2014   625.8 MAR MCE-28867 07/24/2014 07/24/2014 Book
© 2023 Central Library, National University of Sciences and Technology. All Rights Reserved.